POLYMER COMMUNICATIONS (Record no. 16088)

MARC details
000 -LEADER
fixed length control field 00415nam a2200145Ia 4500
022 ## - INTERNATIONAL STANDARD SERIAL NUMBER
ISSN 0263-6476
245 #0 - TITLE STATEMENT
Title POLYMER COMMUNICATIONS
260 ## - PUBLICATION, DISTRIBUTION, ETC. (IMPRINT)
Name of publisher Butterworth-Heinemann Ltd.,England
Place of publication UK
310 ## - CURRENT PUBLICATION FREQUENCY
Current publication frequency 18y
500 ## - GENERAL NOTE
General note Ending Volume & Year: 32, 1991
500 ## - GENERAL NOTE
General note Missing Volume: 26(4-6,12);31(4-12)
500 ## - GENERAL NOTE
General note Starting Volume & Year: 24, 1983
942 ## - ADDED ENTRY ELEMENTS (KOHA)
Koha item type Bound Journal
Holdings
Withdrawn status Lost status Damaged status Not for loan Home library Current library Date acquired Accession Number Koha item type
      Bound journals RRII Library RRII Library 31/12/2021 15849J Bound Journal